| 000 | 00676nam a2200241Ia 4500 | ||
|---|---|---|---|
| 001 | dia_1687 | ||
| 003 | CHAP | ||
| 005 | 20230615124814.0 | ||
| 008 | 220117s1970 xx 000 0 und d | ||
| 010 | _a172232 | ||
| 040 | _cCHAP | ||
| 082 | _a664.09 S32 | ||
| 100 |
_aSacharow, Stanley. _9101126 |
||
| 245 | _aFood Packaging;by Stanley Sacharow and Roger C. Grittin. | ||
| 260 |
_aWestport, Connecticut, Aui, Publishing Company. _c1970 |
||
| 300 | _a411 p. | ||
| 500 | _aDonación. | ||
| 650 |
_aAlimentos empacados. _9151342 |
||
| 901 | _a664.09 S32 | ||
| 902 | _aM | ||
| 905 | _a0000001970 EU ILUS0000000000ING00 | ||
| 942 |
_cLIBRO _2ddc |
||
| 999 |
_c172232 _d172232 |
||